[Event "GRE-ch U16 Girls"]
[Site "Peristeri"]
[Date "2024.06.28"]
[Round "9"]
[White "Skaraki, Georgia"]
[Black "Alexopoulou, Eleni NA"]
[Result "1/2-1/2"]
[WhiteElo "1618"]
[BlackElo "1608"]
[PlyCount "84"]
[EventDate "2024.06.22"]
[EventType "swiss"]
[EventRounds "9"]
[EventCountry "GRE"]
[SourceTitle "EXT 2025"]
[Source "ChessBase"]
[SourceDate "2024.10.14"]
[SourceVersion "1"]
[SourceVersionDate "2024.10.14"]
[SourceQuality "1"]

1. c4 e6 2. Nf3 d5 3. b3 Nf6 4. Bb2 Bd6 5. g3 0-0 6. Bg2 Re8 7. d4 b6 8. 0-0 Bb7 9. cxd5 exd5 10. Nc3 Nc6 11. Rc1 h6 12. Re1 Na5 13. Nb5 Rc8 14. Nxa7 Ra8 15. Nb5 Nc6 16. Nxd6 cxd6 17. a3 Qd7 18. Nd2 Rac8 19. e4 dxe4 20. Nxe4 Nxe4 21. Rxe4 Ne7 22. Re3 Nd5 23. Rxe8+ Rxe8 24. Rc2 Qb5 25. b4 Re7 26. Bf1 Qd7 27. Re2 Qc6 28. Rc2 Nc3 29. d5 Qxd5 30. Qxd5 Nxd5 31. Re2 Re6 32. Bd4 Bc6 33. Rxe6 fxe6 34. Bg2 b5 35. Bh3 e5 36. Be6+ Kf8 37. Bxd5 Bxd5 38. Be3 Bc4 39. f4 exf4 40. Bxf4 Ke7 41. Kf2 Ke6 42. h4 h5 1/2-1/2

[Event "GRE-ch U16 Girls"]
[Site "Peristeri"]
[Date "2023.07.09"]
[Round "9"]
[White "Kalamoukou, Giolanta"]
[Black "Alexopoulou, Eleni NA"]
[Result "1-0"]
[WhiteElo "1591"]
[BlackElo "1315"]
[PlyCount "79"]
[EventDate "2023.07.03"]
[EventType "swiss"]
[EventRounds "9"]
[EventCountry "GRE"]
[SourceTitle "EXT 2024"]
[Source "ChessBase"]
[SourceDate "2023.10.10"]
[SourceVersion "1"]
[SourceVersionDate "2023.10.10"]
[SourceQuality "1"]

1. d4 f5 2. Nc3 Nf6 3. Bg5 d5 4. Bxf6 exf6 5. e3 Be6 6. Bd3 Nc6 7. Nce2 Ne7 8. c3 g6 9. Nf3 c6 10. Nd2 Bh6 11. Qc2 Nc8 12. 0-0 Nd6 13. b3 Ne4 14. f4 Kf7 15. c4 Rc8 16. c5 Qa5 17. Nf3 b6 18. Rfc1 bxc5 19. dxc5 Bf8 20. Bxe4 fxe4 21. Nfd4 Bd7 22. a3 f5 23. b4 Qd8 24. Qa4 Rc7 25. Rd1 Qh4 26. g3 Qg4 27. Kg2 Be7 28. Qc2 Rb8 29. Qd2 Rcb7 30. Nc1 a5 31. Na2 g5 32. Rf1 Bf6 33. fxg5 Qxg5 34. Rf2 Be5 35. Raf1 Bxd4 36. Qxd4 axb4 37. axb4 Rg8 38. Kh1 Qf6 39. Qd1 Rg4 40. Qxg4 1-0

[Event "GRE-ch U16 Girls"]
[Site "Peristeri"]
[Date "2023.07.08"]
[Round "8"]
[White "Alexopoulou, Eleni NA"]
[Black "Kavakopoulou, Ioulia Anastasia"]
[Result "1/2-1/2"]
[WhiteElo "1315"]
[BlackElo "1448"]
[PlyCount "67"]
[EventDate "2023.07.03"]
[EventType "swiss"]
[EventRounds "9"]
[EventCountry "GRE"]
[SourceTitle "EXT 2024"]
[Source "ChessBase"]
[SourceDate "2023.10.10"]
[SourceVersion "1"]
[SourceVersionDate "2023.10.10"]
[SourceQuality "1"]

1. e4 e6 2. d4 d5 3. Nd2 c5 4. Ngf3 cxd4 5. Nxd4 Nc6 6. Bb5 Bd7 7. Nxc6 bxc6 8. Bd3 Ne7 9. b3 Ng6 10. Bb2 Nf4 11. Bf1 Qc7 12. g3 Ng6 13. Bg2 f6 14. 0-0 Bc5 15. c4 d4 16. f4 h5 17. Nf3 d3+ 18. Bd4 Bxd4+ 19. Nxd4 Qb6 20. Qxd3 e5 21. fxe5 fxe5 22. Rad1 0-0-0 23. c5 Qxc5 24. Qa6+ Kc7 25. b4 Qb6 26. Qxb6+ axb6 27. Nf5 Bxf5 28. Rxd8 Kxd8 29. Rxf5 Ke7 30. Rg5 Kf6 31. Rf5+ Ke7 32. Rg5 Kf6 33. Rf5+ Ke7 34. Rg5 1/2-1/2